Riconosci l'Anno dagli eventi - Quiz n°17 - Statistics

Statistiche generali
  • Questo quiz è stato fatto 26 volte
  • Il punteggio medio è 14 su 15
Statistiche sulle risposte
Indizio Risposta % Corretto
D 13 febbraio – Guerra del Vietnam: le truppe del Vietnam del sud, appoggiate dall'artiglieria e dagli aerei americani, invadono il Laos.
100%
C 15 gennaio – Egitto: apre ufficialmente la diga di Assuan
100%
B I Beatles, già in rotta da anni, finiscono in tribunale per discutere la divisione del patrimonio.
100%
A Il programmatore statunitense Ray Tomlinson inventa l'e-mail.
100%
N 13 novembre – la sonda americana Mariner 9 raggiunge Marte. Fino al 27 ottobre 1972 invierà alla Terra un totale di 739 foto.
96%
O 22 dicembre -- Viene fondata a Parigi Medici senza frontiere.
96%
P 24 dicembre – Italia: Il democristiano Giovanni Leone, viene eletto sesto presidente della Repubblica Italiana al 23º scrutinio, succedendo a Giuseppe Saragat.
96%
E 29 marzo – Vaticano: il presidente jugoslavo Tito fa visita a Paolo VI. È la prima volta dal 1945 che un capo di Stato di un paese comunista incontra un pontefice.
96%
M 3 ottobre – i Pink Floyd registrano a Pompei Pink Floyd: Live at Pompeii quello che rimane l'unico concerto rock della storia fatto a porte chiuse.
96%
L 3 settembre – il Qatar, dopo le dominazioni dei persiani, degli ottomani e dei britannici, ottiene l'indipendenza.
96%
I 7 agosto – l'Apollo 15 ritorna sulla Terra.
96%
G 10 giugno – Città del Messico: nonostante il divieto di manifestare, il movimento studentesco scende in piazza. Gli Halcones, un gruppo di agenti in borghese, ne uccide a decine; è la strage del giovedì di Corpus Domini.
92%
H 3 luglio – Parigi: Jim Morrison viene trovato morto nella vasca da bagno della sua abitazione.
88%
F 3 maggio – Erich Honecker è il nuovo Segretario Generale del Partito di Unità Socialista di Germania (DDR).
88%
Anno 1971
84%
Nessun quiz corrispondente trovato
Distribuzione punteggi
Percentuale di utenti per punteggio
Percentile per numero di risposta
I tuoi punteggi nel tempo
Non hai fatto questo quiz